000 00891cam a2200241 i 4500
003 SA-RiAUC
005 20260315115946.0
008 260113s1938 su g 00010 ara c
040 _aSA-JeALM
_bara
_cSA-RiAUC
_erda
043 _aa-su---
082 0 4 _a616.0252
090 _aم ن 616.0252
_bج م ع
245 0 0 _aجمعية الإسعاف :
_bفي المملكة العربية السعودية.
264 1 _aمكة المكرمة :
_bجمعية الإسعاف،
_c[1938]
300 _a31 صفحة ؛
_c29 سم
336 _aنص
_btxt
_2rdacontent
_3كتاب
337 _aبدون وسيط
_bn
_2rdamedia
338 _aمجلد
_bnc
_2rdacarrier
650 7 _aالصحة العامة
_zالسعودية
_2aucsh
710 2 _aجمعية الإسعاف الخيرية (مكة المكرمة).
_eمؤلف.
942 _2ddc
_cRBOOK COPY
_n0
949 _aSA-JeALM
_d260113
_umohamedma123
_n1
999 _c14581
_d14581